[Event "Panamericano Sub 20 Femenino 2009"]
[Site "Montevideo URU"]
[Date "2009.10.06"]
[Round "1.1"]
[White "Heredia Serrano, Carla"]
[Black "Jorquera Cabello, Valentina"]
[Result "1-0"]
[WhiteElo "2152"]
[BlackElo "1997"]
[PlyCount "71"]
[EventDate "2009.10.06"]
[EventType "tourn"]
[EventRounds "9"]
[EventCountry "URU"]
[Source "lmi"]
[SourceDate "2009.10.06"]

1. e4 c5 2. Nf3 Nc6 3. Nc3 d6 4. d4 cxd4 5. Nxd4 e5 6. Ndb5 Nf6 7. Bg5 a6 8.
Na3 b5 9. Bxf6 gxf6 10. Nd5 Bg7 11. g3 f5 12. Bg2 O-O 13. exf5 e4 14. c3 Bxf5
15. Nc2 Ne5 16. O-O Bg4 17. Qc1 Be2 18. Bxe4 Bxf1 19. Qxf1 f5 20. Bg2 Rc8 21.
Nd4 Rf6 22. Re1 f4 23. gxf4 Rh6 24. fxe5 Bxe5 25. Nf3 Kh8 26. Nxe5 dxe5 27. Qe2
Re6 28. Qh5 Qd6 29. Kh1 Rf8 30. Be4 Rh6 31. Qe2 Rg8 32. f3 Rg5 33. Ne3 Rh4 34.
Nf5 Rxe4 35. Qxe4 Qd2 36. Qxe5+ 1-0

[Event "Panamericano Sub 20 Femenino 2009"]
[Site "Montevideo URU"]
[Date "2009.10.06"]
[Round "1.2"]
[White "Amed, Stephanie"]
[Black "Feliciano, Vanessa"]
[Result "1-0"]
[WhiteElo "2159"]
[BlackElo "2163"]
[PlyCount "115"]
[EventDate "2009.10.06"]
[EventType "tourn"]
[EventRounds "9"]
[EventCountry "URU"]
[Source "lmi"]
[SourceDate "2009.10.06"]

1. e4 c5 2. Nf3 d6 3. d4 cxd4 4. Nxd4 Nf6 5. Nc3 a6 6. a4 e5 7. Nf3 Be7 8. Bc4
Be6 9. Ba2 Nc6 10. O-O O-O 11. Re1 Rc8 12. Nd5 Bxd5 13. exd5 Nb8 14. c3 Nbd7
15. Be3 Ng4 16. Bd2 f5 17. h3 Ngf6 18. Ng5 Nc5 19. b4 Nfe4 20. bxc5 Bxg5 21.
Bxg5 Qxg5 22. c6 Kh8 23. cxb7 Rb8 24. Bc4 Rxb7 25. Bxa6 Rb2 26. Qc1 Qxc1 27.
Raxc1 Nxf2 28. Rb1 Ra2 29. Bb5 Ne4 30. c4 Nc3 31. Ra1 Rb2 32. Ra3 Ne2+ 33. Kh1
Nd4 34. Rc3 f4 35. c5 f3 36. gxf3 Nxf3 37. Re2 Rb1+ 38. Kg2 Nh4+ 39. Kh2 Rff1
40. cxd6 Rh1+ 41. Kg3 Nf5+ 42. Kg4 Nxd6 43. Rg3 Rhf1 44. Rf3 Rb4+ 45. Kg3 Nf5+
46. Rxf5 Rxf5 47. d6 Rd4 48. Rc2 Rf8 49. d7 g6 50. Rc8 Kg7 51. a5 e4 52. a6
Rf3+ 53. Kg2 Rd2+ 54. Kg1 Rg3+ 55. Kf1 Rxh3 56. Ke1 e3 57. d8=Q Rh1+ 58. Bf1
1-0

[Event "Panamericano Sub 20 Femenino 2009"]
[Site "Montevideo URU"]
[Date "2009.10.06"]
[Round "1.3"]
[White "De Leon, Patricia"]
[Black "Gutierrez, Leonela"]
[Result "0-1"]
[WhiteElo "1741"]
[BlackElo "1920"]
[PlyCount "114"]
[EventDate "2009.10.06"]
[EventType "tourn"]
[EventRounds "9"]
[EventCountry "URU"]
[Source "lmi"]
[SourceDate "2009.10.06"]

1. d4 Nf6 2. c4 g6 3. f3 Bg7 4. e4 d6 5. Nc3 O-O 6. Be3 e5 7. d5 Nbd7 8. Qd2 a5
9. O-O-O Nc5 10. Bh6 Ne8 11. g4 a4 12. h4 a3 13. b3 Bxh6 14. Qxh6 c6 15. Bd3 b5
16. cxb5 Nxd3+ 17. Rxd3 cxb5 18. Nh3 Qc7 19. Kb1 b4 20. Ne2 Ba6 21. Rd2 Rc8 22.
Rc1 Qe7 23. Qg5 Qxg5 24. Nxg5 Nf6 25. Ng3 Nd7 26. Nh3 Nc5 27. Nf2 Rc7 28. Rcd1
Rfc8 29. Ne2 Kf8 30. Nc1 Bb5 31. Nfd3 Nxd3 32. Nxd3 Bxd3+ 33. Rxd3 Rc2 34. R3d2
Rxd2 35. Rxd2 Rc3 36. Rc2 Rxf3 37. Rc4 Rf4 38. Rxb4 Rxg4 39. Rc4 Rxh4 40. b4
Rh1+ 41. Kc2 h5 42. Kb3 h4 43. Kxa3 h3 44. Rc2 g5 45. Rb2 Ke7 46. b5 Kd7 47.
Ka4 Kc7 48. Rc2+ Kb7 49. Ka5 Rb1 50. Rf2 f6 51. a4 g4 52. Rh2 Rg1 53. b6 Rg2
54. Rh1 h2 55. Rc1 Rg1 56. Rc7+ Kb8 57. Ka6 h1=Q 0-1

[Event "Panamericano Sub 20 Femenino 2009"]
[Site "Montevideo URU"]
[Date "2009.10.06"]
[Round "1.4"]
[White "Colombo, Camila"]
[Black "Herrera, Milena"]
[Result "1-0"]
[WhiteElo "2129"]
[BlackElo "2141"]
[PlyCount "87"]
[EventDate "2009.10.06"]
[EventType "tourn"]
[EventRounds "9"]
[EventCountry "URU"]
[Source "lmi"]
[SourceDate "2009.10.06"]

1. d4 Nf6 2. c4 c5 3. d5 e6 4. Nc3 exd5 5. cxd5 d6 6. Nf3 g6 7. Nd2 a6 8. a4
Nbd7 9. e4 Bg7 10. Be2 O-O 11. O-O Re8 12. f3 Rb8 13. Nc4 Nb6 14. Na3 Nh5 15.
a5 Na8 16. Nc4 Bd4+ 17. Be3 Bxe3+ 18. Nxe3 Qg5 19. Nc4 Nf4 20. g3 Nh3+ 21. Kh1
Qd8 22. Qd2 f6 23. f4 g5 24. f5 g4 25. Bxg4 Ng5 26. Qf4 Nf7 27. Bh5 Re7 28.
Bxf7+ Rxf7 29. Nxd6 Rg7 30. e5 fxe5 31. Qxe5 Qe7 32. Qf4 Qg5 33. Rae1 Bd7 34.
f6 Qxf4 35. Rxf4 Rg6 36. Re7 Rf8 37. f7+ Kg7 38. Rxd7 b5 39. Nce4 c4 40. Re7 h6
41. Re8 Nc7 42. Nf5+ Kxf7 43. Nfd6+ Kg7 44. Rexf8 1-0

[Event "Panamericano Sub 20 Femenino 2009"]
[Site "Montevideo URU"]
[Date "2009.10.06"]
[Round "1.5"]
[White "Cordero, Daniela"]
[Black "Romero Echeverria, Abigail"]
[Result "0-1"]
[WhiteElo "1984"]
[BlackElo "2064"]
[PlyCount "82"]
[EventDate "2009.10.06"]
[EventType "tourn"]
[EventRounds "9"]
[EventCountry "URU"]
[Source "lmi"]
[SourceDate "2009.10.06"]

1. d4 Nf6 2. Nf3 g6 3. c4 Bg7 4. g3 c6 5. Bg2 d5 6. cxd5 cxd5 7. O-O O-O 8. Ne5
e6 9. Nc3 Bd7 10. Bg5 h6 11. Be3 Nc6 12. Qd2 Nxe5 13. dxe5 Ng4 14. Bc5 Re8 15.
f4 h5 16. e4 Qc7 17. Bd4 Bc6 18. exd5 exd5 19. Rac1 Qd7 20. Bh3 b6 21. b4 Rad8
22. Rc2 Qb7 23. Bxg4 hxg4 24. Rfc1 Bd7 25. Nd1 Rc8 26. Ne3 Be6 27. b5 Bf8 28.
Qd3 Qd7 29. Rc6 Be7 30. Qc3 Qb7 31. Qb3 Red8 32. a4 Bf8 33. Qb2 Bd7 34. Nxd5
Bxc6 35. Nf6+ Kh8 36. e6 fxe6 37. Nxg4+ Kg8 38. bxc6 Rxc6 39. Be5 Rxc1+ 40.
Qxc1 Bc5+ 41. Nf2 Qf3 0-1

[Event "Panamericano Sub 20 Femenino 2009"]
[Site "Montevideo URU"]
[Date "2009.10.07"]
[Round "2.1"]
[White "Herrera, Milena"]
[Black "Cordero, Daniela"]
[Result "0-1"]
[WhiteElo "2141"]
[BlackElo "1984"]
[PlyCount "130"]
[EventDate "2009.10.06"]
[EventType "tourn"]
[EventRounds "9"]
[EventCountry "URU"]
[Source "lmi"]
[SourceDate "2009.10.06"]

1. e4 e6 2. d3 d5 3. Nd2 Nf6 4. Ngf3 Nc6 5. c3 a5 6. Be2 e5 7. O-O Be7 8. Qc2
O-O 9. Rd1 Bg4 10. Nf1 Bxf3 11. Bxf3 d4 12. Ng3 Bc5 13. Bg5 Qd6 14. Nf5 Qe6 15.
Qe2 a4 16. Bg4 Nxg4 17. Qxg4 Rfe8 18. Qg3 Bf8 19. cxd4 Nxd4 20. Nxd4 exd4 21.
f4 Qb6 22. Rab1 Be7 23. Rdc1 h6 24. Bxe7 Rxe7 25. Rc4 Qd6 26. Rbc1 Ra6 27. Qf2
Rd7 28. Rc5 c6 29. f5 f6 30. Qe2 Re7 31. g3 Re5 32. R5c2 Rb6 33. Rc4 Ra5 34.
Qc2 a3 35. b3 Ra8 36. Rc5 Rd8 37. Ra5 Kh7 38. Qc4 Rb4 39. Qc2 Rb6 40. Ra4 Rb5
41. Qc4 Re5 42. Qb4 Qxb4 43. Rxb4 Rd7 44. Ra4 g6 45. g4 h5 46. h3 Kh6 47. Kf2
Ree7 48. Kf3 gxf5 49. gxf5 Rg7 50. Kf2 h4 51. Rg1 Rxg1 52. Kxg1 Kg5 53. Rxa3
Kf4 54. Kf2 Rg7 55. Ra7 Rg3 56. Rxb7 Rxh3 57. a4 Rxd3 58. a5 Rd2+ 59. Ke1 Ra2
60. Rh7 Ke3 61. Kf1 d3 62. Rxh4 Ra1+ 63. Kg2 d2 64. Rh3+ Kxe4 65. Rh4+ Ke5 0-1

[Event "Panamericano Sub 20 Femenino 2009"]
[Site "Montevideo URU"]
[Date "2009.10.07"]
[Round "2.2"]
[White "Gutierrez, Leonela"]
[Black "Colombo, Camila"]
[Result "1-0"]
[WhiteElo "1920"]
[BlackElo "2129"]
[PlyCount "87"]
[EventDate "2009.10.06"]
[EventType "tourn"]
[EventRounds "9"]
[EventCountry "URU"]
[Source "lmi"]
[SourceDate "2009.10.06"]

1. e4 e6 2. d4 d5 3. Nc3 Bb4 4. e5 Ne7 5. f4 b6 6. Nf3 Qd7 7. Bd2 Nf5 8. Bd3
Ba6 9. Qe2 Bxd3 10. Qxd3 h5 11. Nd1 Be7 12. O-O c5 13. Ne3 g6 14. dxc5 bxc5 15.
Rfd1 Qc6 16. a3 c4 17. Qe2 Nd7 18. b4 cxb3 19. cxb3 Qb6 20. b4 f6 21. Kh1 Kf7
22. Nxf5 gxf5 23. Bc3 Rac8 24. Bd4 Qb7 25. exf6 Bxf6 26. Ng5+ Kg6 27. Qxe6 Rhf8
28. Bxf6 Nxf6 29. Nf3 Rce8 30. Nh4+ Kh6 31. Qxf5 Qg7 32. Qc2 Ne4 33. Rac1 Rxf4
34. Nf3 Qf7 35. Kg1 Rg8 36. Qc6+ Rg6 37. Ne5 Rxc6 38. Nxf7+ Rxf7 39. Rxc6+ Kg5
40. Rxd5+ Kf4 41. Rxh5 Ke3 42. Re6 Rd7 43. Rh3+ Kd4 44. Rh4 1-0

[Event "Panamericano Sub 20 Femenino 2009"]
[Site "Montevideo URU"]
[Date "2009.10.07"]
[Round "2.3"]
[White "Feliciano, Vanessa"]
[Black "De Leon, Patricia"]
[Result "1-0"]
[WhiteElo "2163"]
[BlackElo "1741"]
[PlyCount "105"]
[EventDate "2009.10.06"]
[EventType "tourn"]
[EventRounds "9"]
[EventCountry "URU"]
[Source "lmi"]
[SourceDate "2009.10.06"]

1. e4 e6 2. d4 d5 3. Nc3 Bb4 4. e5 c5 5. a3 Bxc3+ 6. bxc3 Qa5 7. Bd2 Qa4 8. Qg4
Kf8 9. Ra2 Nc6 10. Nf3 b5 11. Be2 Nge7 12. O-O Nf5 13. Rb1 a6 14. Bd3 Bd7 15.
Be3 cxd4 16. Bxd4 Ncxd4 17. cxd4 h6 18. Qf4 Qa5 19. g4 Ne7 20. g5 Nf5 21. Bxf5
exf5 22. g6 Be6 23. Nh4 Qd8 24. Nxf5 Qg5+ 25. Qxg5 hxg5 26. Nd6 f5 27. a4 bxa4
28. Rb6 Rh6 29. Rxa4 a5 30. Rb5 Rxg6 31. Raxa5 Rxa5 32. Rxa5 Kg8 33. c4 dxc4
34. d5 c3 35. dxe6 Rxe6 36. Rc5 g6 37. Rc8+ Kh7 38. Nf7 Kg7 39. Rc7 Kf8 40.
Nxg5 Rxe5 41. Rxc3 Kg7 42. Rc7+ Kf6 43. Nh7+ Ke6 44. Ng5+ Kf6 45. f4 Re7 46.
Rxe7 Kxe7 47. Kf2 Kf6 48. Ke3 Kg7 49. Kd4 Kh6 50. Ke5 Kh5 51. Kf6 Kg4 52. Kxg6
Kxf4 53. h4 1-0

[Event "Panamericano Sub 20 Femenino 2009"]
[Site "Montevideo URU"]
[Date "2009.10.07"]
[Round "2.4"]
[White "Jorquera Cabello, Valentina"]
[Black "Amed, Stephanie"]
[Result "1-0"]
[WhiteElo "1997"]
[BlackElo "2159"]
[PlyCount "75"]
[EventDate "2009.10.06"]
[EventType "tourn"]
[EventRounds "9"]
[EventCountry "URU"]
[Source "lmi"]
[SourceDate "2009.10.06"]

1. e4 e6 2. d3 c5 3. Nd2 d5 4. g3 Nc6 5. Bg2 g6 6. Nh3 Bg7 7. O-O Nge7 8. f4 a5
9. e5 a4 10. Nf2 f6 11. exf6 Bxf6 12. Nf3 O-O 13. Qe2 Qd6 14. Ng4 Bg7 15. Nge5
Ra6 16. c3 Nf5 17. g4 Nfe7 18. d4 b6 19. Be3 Ra5 20. Qf2 Ba6 21. Rfc1 Nd8 22.
b4 axb3 23. axb3 c4 24. b4 Rxa1 25. Rxa1 Bb5 26. Ra8 Nec6 27. h4 Qc7 28. h5
gxh5 29. gxh5 Ne7 30. Ng5 Bd7 31. Bh3 Nf5 32. Bxf5 Rxf5 33. Qh4 Bc8 34. h6 Bf8
35. Ra2 Qe7 36. Rg2 Kh8 37. Qg4 Bxh6 38. Ngf7+ 1-0

[Event "Panamericano Sub 20 Femenino 2009"]
[Site "Montevideo URU"]
[Date "2009.10.07"]
[Round "2.5"]
[White "Segarra Choe, Tammy"]
[Black "Heredia Serrano, Carla"]
[Result "1/2-1/2"]
[WhiteElo "1947"]
[BlackElo "2152"]
[PlyCount "123"]
[EventDate "2009.10.06"]
[EventType "tourn"]
[EventRounds "9"]
[EventCountry "URU"]
[Source "lmi"]
[SourceDate "2009.10.06"]

1. d4 Nf6 2. c4 g6 3. Nc3 Bg7 4. e4 d6 5. f4 O-O 6. Nf3 c5 7. d5 e6 8. Be2 exd5
9. cxd5 Bg4 10. O-O Nbd7 11. h3 Bxf3 12. Bxf3 Re8 13. Re1 Qa5 14. a4 a6 15. Bd2
Qd8 16. a5 b5 17. axb6 Nxb6 18. e5 dxe5 19. fxe5 Nfd7 20. e6 Ne5 21. Bf4 Nxf3+
22. Qxf3 fxe6 23. dxe6 Bxc3 24. bxc3 Qf6 25. Bh6 Qxf3 26. gxf3 a5 27. Kf2 Nd5
28. Ra3 Ra6 29. Re5 Rd6 30. Rxa5 Nxc3 31. Raxc5 Na4 32. Rcd5 Rdxe6 33. Rxe6
Rxe6 34. Rd8+ Kf7 35. Rf8+ Ke7 36. Rh8 Nb2 37. Rxh7+ Kd6 38. Bf8+ Kc6 39. Kg3
Nd3 40. Re7 Rf6 41. Bg7 Rd6 42. Re4 Kd7 43. Rd4 Rxd4 44. Bxd4 Ke6 45. Kg4 Nb4
46. Kg5 Kf7 47. h4 Nd5 48. Kg4 Ke6 49. f4 Ne7 50. Kg5 Kf7 51. Bc5 Ng8 52. Bd4
Ne7 53. Be5 Ng8 54. f5 gxf5 55. h5 Ne7 56. h6 Kg8 57. Bd6 Nc8 58. Bc5 Kh7 59.
Kh5 f4 60. Kg5 f3 61. Kf4 Kxh6 62. Kxf3 1/2-1/2

[Event "Panamericano Sub 20 Femenino 2009"]
[Site "Montevideo URU"]
[Date "2009.10.07"]
[Round "3.1"]
[White "Amed, Stephanie"]
[Black "Segarra Choe, Tammy"]
[Result "1-0"]
[WhiteElo "2159"]
[BlackElo "1947"]
[PlyCount "107"]
[EventDate "2009.10.06"]
[EventType "tourn"]
[EventRounds "9"]
[EventCountry "URU"]
[Source "lmi"]
[SourceDate "2009.10.06"]

1. e4 d6 2. d4 Nf6 3. Nc3 g6 4. f4 Bg7 5. Nf3 c5 6. dxc5 Qa5 7. Bd3 Qxc5 8. Qe2
Nc6 9. Be3 Qa5 10. O-O O-O 11. a3 Bg4 12. h3 Bxf3 13. Qxf3 Rac8 14. Ne2 Nd7 15.
b4 Qc7 16. Rab1 e6 17. Kh1 e5 18. f5 Nd4 19. Qf2 Nxe2 20. Qxe2 Nf6 21. c4 Nh5
22. Qf2 Nf4 23. Bxf4 exf4 24. Qxf4 Be5 25. Qg4 Qe7 26. Rf2 h5 27. Qf3 Qg5 28.
Rd1 h4 29. Bf1 Bg3 30. Rfd2 Rfd8 31. Rd5 Qf4 32. Qxf4 Bxf4 33. c5 f6 34. cxd6
g5 35. d7 Rc7 36. Be2 Kf8 37. Bh5 Ke7 38. Be8 Rc3 39. R5d3 Rxd3 40. Rxd3 Bd6
41. Rd5 b6 42. Kg1 a6 43. Kf2 b5 44. Kf3 Rb8 45. Kg4 Rb6 46. e5 fxe5 47. f6+
Kd8 48. f7 Bf8 49. Rxe5 Rg6 50. Kh5 Rg7 51. Re6 a5 52. Ra6 Ke7 53. Ra8 Rh7+ 54.
Kg4 1-0

[Event "Panamericano Sub 20 Femenino 2009"]
[Site "Montevideo URU"]
[Date "2009.10.07"]
[Round "3.2"]
[White "De Leon, Patricia"]
[Black "Jorquera Cabello, Valentina"]
[Result "1/2-1/2"]
[WhiteElo "1741"]
[BlackElo "1997"]
[PlyCount "119"]
[EventDate "2009.10.06"]
[EventType "tourn"]
[EventRounds "9"]
[EventCountry "URU"]
[Source "lmi"]
[SourceDate "2009.10.06"]

1. d4 Nf6 2. c4 g6 3. f3 Bg7 4. e4 d6 5. Nc3 O-O 6. Be3 e5 7. d5 Nh5 8. Qd2 f5
9. Bd3 a6 10. O-O-O f4 11. Bf2 b6 12. Nge2 Bd7 13. Kb1 a5 14. Nb5 Na6 15. Nec3
Nc5 16. Bc2 g5 17. Qe2 Nf6 18. a3 h5 19. b3 Ne8 20. Kb2 Rf7 21. Ra1 c6 22. dxc6
Bxc6 23. Rhd1 Bf8 24. Bxc5 bxc5 25. a4 Nc7 26. Nxc7 Rxc7 27. Nb5 Bxb5 28. axb5
Qf6 29. Qd2 Rca7 30. Ra2 Be7 31. Rda1 Bd8 32. Rd1 Be7 33. b6 Ra6 34. b7 Rb8 35.
Rxa5 Rb6 36. Ra7 Qf7 37. Qd5 Qxd5 38. exd5 R6xb7 39. Rda1 Rxa7 40. Rxa7 Kf7 41.
Bf5 Kf6 42. Be4 g4 43. Kc2 gxf3 44. Bxf3 h4 45. h3 Rg8 46. Ra1 Kf5 47. Re1 Ra8
48. Be4+ Kg5 49. Kb2 Bd8 50. Rf1 Ba5 51. Rf3 Bd2 52. Rd3 Be3 53. Kc2 Ra2+ 54.
Kd1 Bd4 55. Ke1 Ra1+ 56. Ke2 Rc1 57. Rd2 Rc3 58. Rd3 Rc2+ 59. Rd2 Rc1 60. Rd1
1/2-1/2

[Event "Panamericano Sub 20 Femenino 2009"]
[Site "Montevideo URU"]
[Date "2009.10.07"]
[Round "3.3"]
[White "Colombo, Camila"]
[Black "Feliciano, Vanessa"]
[Result "1-0"]
[WhiteElo "2129"]
[BlackElo "2163"]
[PlyCount "157"]
[EventDate "2009.10.06"]
[EventType "tourn"]
[EventRounds "9"]
[EventCountry "URU"]
[Source "lmi"]
[SourceDate "2009.10.06"]

1. d4 Nf6 2. c4 g6 3. Nc3 Bg7 4. e4 d6 5. Bg5 Nbd7 6. f3 O-O 7. Qd2 c5 8. d5 a6
9. Nh3 b5 10. cxb5 axb5 11. Bxb5 Ba6 12. Bxa6 Rxa6 13. Bh6 Bxh6 14. Qxh6 Qb6
15. Qd2 c4 16. Nf2 Nc5 17. O-O Nfd7 18. Qd4 Qxb2 19. Rab1 Qa3 20. Qxc4 Rfa8 21.
Qd4 Qa5 22. Ng4 f6 23. Rfc1 Rb6 24. Ne3 Ne5 25. Rxb6 Qxb6 26. Rb1 Qa7 27. h4
Kg7 28. Kh2 Ncd3 29. Qxa7 Rxa7 30. a4 Nc5 31. Nc2 f5 32. Nd4 fxe4 33. fxe4 Ra6
34. Ra1 Nc4 35. Nc6 e5 36. a5 Nd2 37. Re1 Ndb3 38. Nb5 Nxa5 39. Nc7 Rxc6 40.
dxc6 Nxc6 41. Ne8+ Kf7 42. Nxd6+ Ke6 43. Nb5 Nb4 44. Kg3 Nbd3 45. Re3 Nb2 46.
Kf3 Nc4 47. Re2 Na5 48. Rd2 Nab3 49. Ra2 Nc1 50. Ra7 N1b3 51. Nc7+ Kd6 52. Ne8+
Ke6 53. Ng7+ Kf6 54. Ne8+ Ke6 55. Ke3 h6 56. Ng7+ Kf6 57. Ne8+ Ke6 58. Nc7+ Kd6
59. Nb5+ Kc6 60. Nc3 Ne6 61. Rh7 h5 62. Rh6 Nf8 63. Rh8 Ne6 64. Rg8 Nbd4 65.
Rxg6 Nc2+ 66. Kf2 Ncd4 67. Rh6 Kc5 68. Rxh5 Nf4 69. Rh8 Kc4 70. Rc8+ Kd3 71. g3
Nh5 72. g4 Nf6 73. g5 Nxe4+ 74. Nxe4 Kxe4 75. g6 Ne6 76. Rc7 Nxc7 77. g7 Nd5
78. g8=Q Kd4 79. h5 1-0

[Event "Panamericano Sub 20 Femenino 2009"]
[Site "Montevideo URU"]
[Date "2009.10.07"]
[Round "3.4"]
[White "Cordero, Daniela"]
[Black "Gutierrez, Leonela"]
[Result "0-1"]
[WhiteElo "1984"]
[BlackElo "1920"]
[PlyCount "172"]
[EventDate "2009.10.06"]
[EventType "tourn"]
[EventRounds "9"]
[EventCountry "URU"]
[Source "lmi"]
[SourceDate "2009.10.06"]

1. Nf3 Nf6 2. g3 g6 3. Bg2 Bg7 4. O-O O-O 5. d4 d6 6. c4 Nbd7 7. Nc3 e5 8. e4
Nh5 9. Bg5 f6 10. Be3 Rf7 11. Qd2 Nf8 12. h3 Bh8 13. g4 exd4 14. Nxd4 Ng7 15.
Rad1 Qe8 16. Rfe1 Nge6 17. Nde2 Nd7 18. Ng3 Ne5 19. b3 Ng5 20. Qe2 Ne6 21. Nd5
Bg7 22. Qd2 a5 23. f4 Nc6 24. a3 Nc5 25. b4 Nb3 26. Qc2 a4 27. Kh2 Kh8 28. Bf1
Be6 29. b5 Nd8 30. c5 dxc5 31. Bxc5 Nxc5 32. Qxc5 Bxd5 33. exd5 Qd7 34. Re3 b6
35. Qc4 Nb7 36. Rde1 Nd6 37. Qc6 Qxc6 38. dxc6 Bf8 39. Kg2 Kg7 40. Kf3 f5 41.
gxf5 Nxf5 42. Nxf5+ Rxf5 43. Kg4 Bd6 44. Rf3 h5+ 45. Kg3 g5 46. Re4 Bxf4+ 47.
Kg2 Kf6 48. Rd4 Bd6 49. Rdd3 Rf8 50. Be2 h4 51. Rxf5+ Kxf5 52. Rd4 Bxa3 53.
Rxa4 Bd6 54. Bd3+ Ke5 55. Rg4 Kf6 56. Re4 Rd8 57. Bc4 Be5 58. Kf3 Rd2 59. Be2
Kf5 60. Rc4 Rb2 61. Rc1 Rb3+ 62. Kg2 Rg3+ 63. Kf2 Bd4+ 64. Ke1 Rxh3 65. Bf1 Ra3
66. Rd1 Ke4 67. Bg2+ Ke3 68. Kf1 Be5 69. Re1+ Kf4 70. Re4+ Kf5 71. Re1 Rb3 72.
Be4+ Kf6 73. Rb1 Bb2 74. Kg2 Rxb5 75. Rf1+ Ke7 76. Bg6 Be5 77. Rf7+ Kd6 78. Rf5
Rb2+ 79. Kf1 Bf4 80. Rf6+ Ke5 81. Rf5+ Kd4 82. Rf7 Ke3 83. Bh5 b5 84. Re7+ Kd4
85. Bf3 Bg3 86. Bg4 b4 0-1

[Event "Panamericano Sub 20 Femenino 2009"]
[Site "Montevideo URU"]
[Date "2009.10.07"]
[Round "3.5"]
[White "Romero Echeverria, Abigail"]
[Black "Herrera, Milena"]
[Result "1-0"]
[WhiteElo "2064"]
[BlackElo "2141"]
[PlyCount "121"]
[EventDate "2009.10.06"]
[EventType "tourn"]
[EventRounds "9"]
[EventCountry "URU"]
[Source "lmi"]
[SourceDate "2009.10.06"]

1. e4 c5 2. c3 d5 3. exd5 Qxd5 4. d4 Nc6 5. Nf3 e5 6. Nxe5 Nxe5 7. dxe5 Qxe5+
8. Qe2 Qxe2+ 9. Bxe2 Be6 10. Bb5+ Bd7 11. Na3 O-O-O 12. Be3 Bxb5 13. Nxb5 a6
14. Na3 Nf6 15. O-O Ng4 16. Bf4 Bd6 17. Bxd6 Rxd6 18. Nc4 Re6 19. Rad1 Rd8 20.
h3 Nf6 21. Rxd8+ Kxd8 22. Rd1+ Kc7 23. Kf1 Ne4 24. f3 Ng3+ 25. Kf2 Nf5 26. Rd5
Ne7 27. Rxc5+ Nc6 28. Ne3 g6 29. Rd5 f5 30. Rd1 Ne7 31. Nd5+ Nxd5 32. Rxd5 Rb6
33. b3 Rc6 34. c4 Re6 35. g4 fxg4 36. hxg4 Re8 37. f4 Rf8 38. Kf3 Kc6 39. a4
Rh8 40. g5 Re8 41. b4 Re1 42. b5+ axb5 43. axb5+ Kc7 44. Re5 Rf1+ 45. Ke4 Kd7
46. f5 gxf5+ 47. Rxf5 Re1+ 48. Kd5 Rd1+ 49. Kc5 Ke6 50. Rf6+ Ke7 51. Rh6 Rg1
52. Rxh7+ Ke6 53. Rxb7 Rxg5+ 54. Kb6 Kd6 55. Rc7 Rg8 56. c5+ Kd5 57. c6 Kc4 58.
Rf7 Rb8+ 59. Rb7 Rg8 60. c7 Rg6+ 61. Ka7 1-0

[Event "Panamericano Sub 20 Femenino 2009"]
[Site "Montevideo URU"]
[Date "2009.10.08"]
[Round "4.1"]
[White "Gutierrez, Leonela"]
[Black "Romero Echeverria, Abigail"]
[Result "1-0"]
[WhiteElo "1920"]
[BlackElo "2064"]
[PlyCount "57"]
[EventDate "2009.10.06"]
[EventType "tourn"]
[EventRounds "9"]
[EventCountry "URU"]
[Source "lmi"]
[SourceDate "2009.10.06"]

1. e4 c5 2. Nf3 e6 3. d4 cxd4 4. Nxd4 a6 5. Bd3 Nc6 6. Be3 Nf6 7. Nc3 Qc7 8.
O-O b5 9. Qe2 Bb7 10. a3 Be7 11. Kh1 h5 12. f4 Ng4 13. Bg1 g5 14. Nxc6 Bxc6 15.
Rae1 O-O-O 16. a4 d5 17. axb5 dxe4 18. Bxe4 Bxe4 19. Nxe4 gxf4 20. bxa6 f5 21.
Nc3 e5 22. Nb5 Qd7 23. Rd1 Qe6 24. Na7+ Kc7 25. Qb5 Rd4 26. Qb7+ Kd8 27. Bxd4
exd4 28. Qb8+ Kd7 29. Qxh8 1-0

[Event "Panamericano Sub 20 Femenino 2009"]
[Site "Montevideo URU"]
[Date "2009.10.08"]
[Round "4.2"]
[White "Feliciano, Vanessa"]
[Black "Cordero, Daniela"]
[Result "0-1"]
[WhiteElo "2163"]
[BlackElo "1984"]
[PlyCount "42"]
[EventDate "2009.10.06"]
[EventType "tourn"]
[EventRounds "9"]
[EventCountry "URU"]
[Source "lmi"]
[SourceDate "2009.10.06"]

1. e4 e6 2. d4 d5 3. Nc3 Nf6 4. e5 Nfd7 5. f4 c5 6. Nf3 Nc6 7. Be3 Be7 8. Qd2
O-O 9. O-O-O c4 10. g4 b5 11. f5 b4 12. Nb1 Qa5 13. Bg5 f6 14. exf6 Nxf6 15.
Bxf6 Rxf6 16. Bg2 Qxa2 17. Ne5 Na5 18. h4 Rb8 19. fxe6 c3 20. bxc3 bxc3 21.
Qxc3 Rf2 0-1

[Event "Panamericano Sub 20 Femenino 2009"]
[Site "Montevideo URU"]
[Date "2009.10.08"]
[Round "4.3"]
[White "Jorquera Cabello, Valentina"]
[Black "Colombo, Camila"]
[Result "1/2-1/2"]
[WhiteElo "1997"]
[BlackElo "2129"]
[PlyCount "61"]
[EventDate "2009.10.06"]
[EventType "tourn"]
[EventRounds "9"]
[EventCountry "URU"]
[Source "lmi"]
[SourceDate "2009.10.06"]

1. e4 e6 2. d3 d5 3. Nd2 Nf6 4. g3 Bc5 5. e5 Nfd7 6. Ngf3 Nc6 7. Nb3 Bb6 8. d4
f6 9. exf6 Nxf6 10. Bg2 O-O 11. O-O Ne4 12. Be3 Bd7 13. c3 Be8 14. h3 Bh5 15.
g4 Bg6 16. Nbd2 Qd6 17. h4 h5 18. Nxe4 dxe4 19. Ng5 Qd5 20. gxh5 Bf5 21. Qc2 e5
22. Bxe4 Bxe4 23. Nxe4 exd4 24. Ng5 Rf5 25. cxd4 Nxd4 26. Bxd4 Rxg5+ 27. hxg5
Qxg5+ 28. Kh2 Qh4+ 29. Kg1 Qg4+ 30. Kh2 Qh4+ 31. Kg1 1/2-1/2

[Event "Panamericano Sub 20 Femenino 2009"]
[Site "Montevideo URU"]
[Date "2009.10.08"]
[Round "4.4"]
[White "Segarra Choe, Tammy"]
[Black "De Leon, Patricia"]
[Result "1-0"]
[WhiteElo "1947"]
[BlackElo "1741"]
[PlyCount "73"]
[EventDate "2009.10.06"]
[EventType "tourn"]
[EventRounds "9"]
[EventCountry "URU"]
[Source "lmi"]
[SourceDate "2009.10.06"]

1. d4 e6 2. c4 d5 3. Nc3 Nf6 4. cxd5 exd5 5. Bg5 Be7 6. e3 Bf5 7. Nf3 c6 8. Bd3
Bxd3 9. Qxd3 O-O 10. O-O Nbd7 11. a3 a6 12. b4 Re8 13. Rab1 b5 14. Rfc1 Nb6 15.
Ne5 Rc8 16. a4 Nfd7 17. Bxe7 Qxe7 18. Nxd7 Qxd7 19. a5 Nc4 20. e4 Re6 21. e5
Rg6 22. Ne2 Qg4 23. Ng3 Re8 24. Rd1 h5 25. Qf5 Qxf5 26. Nxf5 Rge6 27. Rd3 f6
28. Rg3 fxe5 29. Nxg7 Kf7 30. Nxe6 Rxe6 31. dxe5 Rxe5 32. h3 Re2 33. Rg5 h4 34.
Rg4 Nd2 35. Rc1 Ne4 36. Rxh4 Rxf2 37. Rxe4 1-0

[Event "Panamericano Sub 20 Femenino 2009"]
[Site "Montevideo URU"]
[Date "2009.10.08"]
[Round "4.5"]
[White "Heredia Serrano, Carla"]
[Black "Amed, Stephanie"]
[Result "1/2-1/2"]
[WhiteElo "2152"]
[BlackElo "2159"]
[PlyCount "76"]
[EventDate "2009.10.06"]
[EventType "tourn"]
[EventRounds "9"]
[EventCountry "URU"]
[Source "lmi"]
[SourceDate "2009.10.06"]

1. e4 e6 2. d4 d5 3. Nd2 c5 4. exd5 Qxd5 5. Ngf3 cxd4 6. Bc4 Qd6 7. O-O Nf6 8.
Nb3 Nc6 9. Nbxd4 Nxd4 10. Nxd4 a6 11. Re1 Qc7 12. Qe2 Bd6 13. Bg5 O-O 14. Bxf6
gxf6 15. Bd3 Qc5 16. Rad1 Rd8 17. Qf3 Qg5 18. Ne2 Rb8 19. Ng3 f5 20. Qh5 Qxh5
21. Nxh5 Kf8 22. Ng3 b5 23. Nf1 Bb7 24. Ne3 Rbc8 25. c3 Bc5 26. h3 Kg7 27. Be2
Rg8 28. Bf1 Kf6 29. Rd2 h5 30. Kh2 Bb6 31. g3 h4 32. Bg2 Bxg2 33. Kxg2 Bc7 34.
g4 fxg4 35. Nxg4+ Ke7 36. Kf3 Rcd8 37. Red1 f5 38. Ne3 Rxd2 1/2-1/2